000 00487nam a22001697a 4500
005 20251108172158.0
008 250721s1986 xx 000 0 ara d
082 1 4 _a745.09/محي
100 1 _aطالو، محي الدين
245 1 0 _aالفنون الزخرفية /
264 1 _aدمشق :
_bدار دمشق للطباعة و النشر،
_c1986.
300 _aج : مص
650 1 7 _aالفن الزخرفي
650 1 7 _aالتاريخ
942 _2ddc
_cBK
999 _c72450
_d72450